[Event "Pilsen Region-chT 2223"]
[Site "Czech Republic"]
[Date "2023.01.15"]
[Round "6.3"]
[White "Budka, Jan"]
[Black "Pribyl, Petr"]
[Result "1-0"]
[WhiteElo "2163"]
[BlackElo "1993"]
[PlyCount "59"]
[EventDate "2022.10.09"]
[EventType "team-tourn"]
[EventRounds "11"]
[EventCountry "CZE"]
[SourceTitle "EXT 2024"]
[Source "ChessBase"]
[SourceDate "2023.10.10"]
[SourceVersion "1"]
[SourceVersionDate "2023.10.10"]
[SourceQuality "1"]
[WhiteTeam "Domazlice"]
[BlackTeam "Plzen Kosutka"]
[WhiteTeamCountry "CZE"]
[BlackTeamCountry "CZE"]

1. e4 e6 2. d4 d5 3. Nd2 c5 4. exd5 exd5 5. Ndf3 Nf6 6. Ne2 Bg4 7. Ne5 Bh5 8. c3 Bd6 9. Qa4+ Nfd7 10. Nf4 Bg6 11. Bb5 Bxe5 12. dxe5 0-0 13. Be3 Nb6 14. Qa3 Qc7 15. 0-0 Qxe5 16. Nxg6 hxg6 17. Bxc5 N8d7 18. Bxd7 Nxd7 19. Bxf8 Nxf8 20. Rfe1 Qg5 21. Qe7 Qxe7 22. Rxe7 Ne6 23. Rd1 d4 24. cxd4 Rd8 25. d5 Nc5 26. b4 Kf8 27. Rc7 Ne4 28. Rxb7 Nc3 29. Rd2 Re8 30. Kf1 1-0

[Event "CZE-chT2A 1617"]
[Site "Czech Republic"]
[Date "2017.01.29"]
[Round "7.5"]
[White "Budka, Jan"]
[Black "Sedlacek, Tomas"]
[Result "0-1"]
[WhiteElo "2168"]
[BlackElo "2090"]
[PlyCount "69"]
[EventDate "2016.10.09"]
[EventType "team-tourn"]
[EventRounds "11"]
[EventCountry "CZE"]
[SourceTitle "EXT 2022"]
[Source "ChessBase"]
[SourceDate "2021.10.06"]
[SourceVersion "1"]
[SourceVersionDate "2021.10.06"]
[SourceQuality "1"]
[WhiteTeam "Domazlice"]
[BlackTeam "Praha Dukla"]
[WhiteTeamCountry "CZE"]
[BlackTeamCountry "CZE"]

1. e4 e6 2. d4 d5 3. Nd2 Nf6 4. e5 Nfd7 5. c3 Nc6 6. Bd3 a5 7. Ne2 Be7 8. 0-0 b6 9. f4 f5 10. exf6 Nxf6 11. Ng3 0-0 12. Qe2 Bd6 13. Nf3 Qe7 14. Ne5 Nd8 15. Bd2 c5 16. a3 Ra7 17. Rae1 g6 18. Bb5 Qg7 19. h4 Re7 20. Bd3 Bb7 21. h5 Ne4 22. Nxe4 dxe4 23. Bxe4 Bxe4 24. Qxe4 gxh5 25. f5 cxd4 26. cxd4 Bxe5 27. dxe5 exf5 28. Rxf5 Rxf5 29. Qxf5 Qg6 30. Qxg6+ hxg6 31. Kf2 Nc6 32. Bc3 Kf7 33. a4 Ke6 34. Ke3 g5 35. Ke4 0-1

[Event "CZE-chT2A 1314"]
[Site "Czech Republic"]
[Date "2013.11.03"]
[Round "1.5"]
[White "Budka, Jan"]
[Black "Satransky, Jaroslav"]
[Result "0-1"]
[WhiteElo "2201"]
[BlackElo "2199"]
[PlyCount "69"]
[EventDate "2013.11.03"]
[EventType "team-tourn"]
[EventRounds "11"]
[EventCountry "CZE"]
[SourceTitle "EXT 2015"]
[Source "ChessBase"]
[SourceDate "2014.11.20"]
[SourceVersion "1"]
[SourceVersionDate "2014.11.20"]
[SourceQuality "1"]
[WhiteTeam "Domazlice"]
[BlackTeam "Kladno"]
[WhiteTeamCountry "CZE"]
[BlackTeamCountry "CZE"]

1. e4 e5 2. Nf3 Nc6 3. d4 exd4 4. Nxd4 Qh4 5. Nb5 Qxe4+ 6. Be2 Bb4+ 7. N1c3 Bxc3+ 8. bxc3 Kd8 9. 0-0 a6 10. Nd4 Nxd4 11. cxd4 Ne7 12. Rb1 Nc6 13. Bb2 d6 14. d5 Ne5 15. f4 Nd7 16. Qd2 f6 17. Rfe1 Nb6 18. Bf3 Qa4 19. Bd4 Bf5 20. Bxb6 cxb6 21. Qe3 Qd7 22. Qxb6+ Kc8 23. Re3 Kb8 24. h3 Rc8 25. Reb3 Ra7 26. Bg4 Bxg4 27. hxg4 Rxc2 28. f5 Qc7 29. Re1 Rc1 30. Qe3 Rxe1+ 31. Qxe1 Qc5+ 32. Kh1 b5 33. a4 Rb7 34. axb5 Rxb5 35. Qe8+ 0-1

[Event "CZE-chT2A 1011"]
[Site "Czech Republic"]
[Date "2010.10.17"]
[Round "1"]
[White "Budka, Jan"]
[Black "Cisler, Michal"]
[Result "1-0"]
[WhiteElo "2200"]
[BlackElo "1974"]
[PlyCount "69"]
[EventDate "2010.10.17"]
[EventType "team-tourn"]
[EventRounds "11"]
[EventCountry "CZE"]
[SourceTitle "EXT 2012"]
[Source "ChessBase"]
[SourceDate "2011.11.24"]
[SourceVersion "1"]
[SourceVersionDate "2011.11.24"]
[SourceQuality "1"]
[WhiteTeam "Domazlice"]
[BlackTeam "HerNyr"]
[WhiteTeamCountry "CZE"]
[BlackTeamCountry "CZE"]

1. e4 e5 2. Nf3 Nc6 3. d4 exd4 4. Nxd4 Bc5 5. Be3 Qf6 6. c3 Nge7 7. Bc4 0-0 8. 0-0 Bb6 9. f4 d6 10. Kh1 Bd7 11. a4 Kh8 12. Na3 Qh6 13. Qd2 f5 14. e5 dxe5 15. fxe5 Qg6 16. Bf4 Na5 17. Ba2 Bxa4 18. Bg5 Rfe8 19. Qf4 Bxd4 20. cxd4 Nb3 21. Bxe7 Rxe7 22. Rad1 Rd8 23. Rd3 Na5 24. d5 Bd7 25. Qb4 Rxe5 26. Qxa5 Bc6 27. Qxc7 Rdxd5 28. Bxd5 Rxd5 29. Rxd5 Bxd5 30. Qc8+ Bg8 31. Qxf5 Qb6 32. Qf2 Qb3 33. Nb1 Bc4 34. Nd2 Bxf1 35. Nxb3 1-0

[Event "CZE-chT2A 0910"]
[Site "Czech Republic"]
[Date "2009.11.17"]
[Round "4.3"]
[White "Havlik, Jindrich"]
[Black "Budka, Jan"]
[Result "0-1"]
[WhiteElo "2204"]
[BlackElo "2178"]
[PlyCount "100"]
[EventDate "2009.10.18"]
[EventType "team-tourn"]
[EventRounds "11"]
[EventCountry "CZE"]
[SourceTitle "EXT 2012"]
[Source "ChessBase"]
[SourceDate "2011.11.24"]
[SourceVersion "1"]
[SourceVersionDate "2011.11.24"]
[SourceQuality "1"]
[WhiteTeam "Klatovy"]
[BlackTeam "Domazlice"]
[WhiteTeamCountry "CZE"]
[BlackTeamCountry "CZE"]

1. e4 e6 2. d4 d5 3. Nd2 Nf6 4. e5 Nfd7 5. Bd3 c5 6. c3 Nc6 7. Ne2 cxd4 8. cxd4 f6 9. exf6 Nxf6 10. 0-0 Bd6 11. Nf3 0-0 12. Bg5 Bd7 13. a3 Rc8 14. Bh4 Qb6 15. b4 e5 16. dxe5 Nxe5 17. Nxe5 Bxe5 18. Ra2 Bg4 19. Bb1 Qd6 20. Bg3 Bxg3 21. hxg3 Rfe8 22. f3 Bh5 23. Rd2 Bf7 24. Re1 Re3 25. Nd4 Rxe1+ 26. Qxe1 a5 27. Rc2 Re8 28. Re2 Rxe2 29. Nxe2 Qe7 30. Kf2 Nd7 31. Qc3 axb4 32. axb4 Nb6 33. Nd4 Qe5 34. Qc5 Nc4 35. Qc8+ Qe8 36. Qxe8+ Bxe8 37. Ba2 Bd7 38. Bxc4 dxc4 39. b5 Kf7 40. Ke3 Ke7 41. Nc2 Bxb5 42. Kd4 Kd6 43. Na3 Ba6 44. Nxc4+ Bxc4 45. Kxc4 h5 46. Kd4 b5 47. Kd3 Kd5 48. Kc3 Kc5 49. g4 hxg4 50. fxg4 g5 0-1

[Event "CZE-chT2a 0607"]
[Site "Czech Republic"]
[Date "2007.02.25"]
[Round "8.3"]
[White "Budka, Jan"]
[Black "Zedek, Alois"]
[Result "1/2-1/2"]
[WhiteElo "2147"]
[BlackElo "2147"]
[PlyCount "24"]
[EventDate "2006.10.15"]
[EventType "team"]
[EventRounds "11"]
[EventCountry "CZE"]
[SourceTitle "EXT 2009"]
[Source "ChessBase"]
[SourceDate "2008.11.26"]
[SourceVersion "1"]
[SourceVersionDate "2008.11.26"]
[SourceQuality "1"]
[WhiteTeam "Domazlice"]
[BlackTeam "Praha Praga"]
[WhiteTeamCountry "CZE"]
[BlackTeamCountry "CZE"]

1. e4 c6 2. d4 d5 3. exd5 cxd5 4. c4 Nf6 5. Nc3 e6 6. Nf3 Nc6 7. a3 Be7 8. Bd3 dxc4 9. Bxc4 0-0 10. 0-0 b6 11. d5 Na5 12. Ba2 exd5 1/2-1/2

[Event "CZE-chTJ 0102"]
[Site "Czech Republic"]
[Date "2002.??.??"]
[Round "5"]
[White "Budka, Jan"]
[Black "Cervenka, Jan"]
[Result "1/2-1/2"]
[WhiteElo "2181"]
[BlackElo "2016"]
[PlyCount "33"]
[EventDate "2001.??.??"]
[EventType "team"]
[EventRounds "11"]
[EventCountry "CZE"]
[SourceTitle "EXT 2003"]
[Source "ChessBase"]
[SourceDate "2002.11.25"]
[SourceVersion "1"]
[SourceVersionDate "2002.11.25"]
[SourceQuality "1"]
[WhiteTeam "Domazlice"]
[BlackTeam "Praha Dukla II"]
[WhiteTeamCountry "CZE"]
[BlackTeamCountry "CZE"]

1. e4 e5 2. Nf3 Nc6 3. d4 exd4 4. Nxd4 Bc5 5. Be3 Qf6 6. c3 Nge7 7. Bc4 0-0 8. 0-0 Bb6 9. a4 a6 10. f4 d6 11. Kh1 Nxd4 12. Bxd4 Bxd4 13. cxd4 Nc6 14. e5 Qg6 15. d5 Nb4 16. Na3 Bf5 17. Qd2 1/2-1/2

[Event "CZE-chTJ 0102"]
[Site "Czech Republic"]
[Date "2002.??.??"]
[Round "4"]
[White "Budka, Jan"]
[Black "Soukal, Rudolf"]
[Result "1-0"]
[WhiteElo "2181"]
[BlackElo "2199"]
[PlyCount "121"]
[EventDate "2001.??.??"]
[EventType "team"]
[EventRounds "11"]
[EventCountry "CZE"]
[SourceTitle "EXT 2003"]
[Source "ChessBase"]
[SourceDate "2002.11.25"]
[SourceVersion "1"]
[SourceVersionDate "2002.11.25"]
[SourceQuality "1"]
[WhiteTeam "Domazlice"]
[BlackTeam "Ceske Budejovice"]
[WhiteTeamCountry "CZE"]
[BlackTeamCountry "CZE"]

1. e4 e5 2. Nf3 Nc6 3. d4 exd4 4. Nxd4 Bc5 5. Be3 Qf6 6. c3 Nge7 7. Bc4 Qg6 8. 0-0 0-0 9. Nd2 Ne5 10. Be2 d5 11. Bh5 Qd6 12. f4 Nc4 13. Nxc4 dxc4 14. Qe2 Bxd4 15. Bxd4 Qh6 16. f5 Nc6 17. Be3 Qf6 18. Qxc4 Bd7 19. Bf4 Rac8 20. Rad1 Qe7 21. Rd3 Be8 22. Rg3 Kh8 23. Rh3 b5 24. Qe2 Ne5 25. Bxe5 Qxe5 26. f6 Bc6 27. fxg7+ Qxg7 28. Rg3 Qe5 29. Bxf7 Bxe4 30. Re3 Qc5 31. b4 Qb6 32. Kh1 Bg6 33. Re6 Bxf7 34. Rxb6 cxb6 35. Qxb5 Kg8 36. a4 Bg6 37. Qd5+ Kg7 38. Qe5+ Kg8 39. Qe6+ Kg7 40. Qe7+ Kg8 41. Rxf8+ Rxf8 42. h4 Rf7 43. Qg5 Rf5 44. Qd8+ Kg7 45. Qe7+ Rf7 46. Qe5+ Kf8 47. h5 Bc2 48. Qd6+ Re7 49. a5 bxa5 50. bxa5 Ke8 51. Qc6+ Kf7 52. Qd5+ Ke8 53. Kh2 Be4 54. Qg8+ Kd7 55. Qb8 Ke6 56. Qf4 Bc6 57. c4 Rf7 58. Qe3+ Kd6 59. c5+ Kc7 60. Qg3+ Kb7 61. a6+ 1-0

[Event "CZE-chTJ 0102"]
[Site "Czech Republic"]
[Date "2001.??.??"]
[Round "5"]
[White "Budka, Jan"]
[Black "Marik, Petr"]
[Result "1/2-1/2"]
[WhiteElo "2181"]
[BlackElo "2085"]
[PlyCount "124"]
[EventDate "2001.??.??"]
[EventType "team"]
[EventRounds "11"]
[EventCountry "CZE"]
[SourceTitle "EXT 2003"]
[Source "ChessBase"]
[SourceDate "2002.11.25"]
[SourceVersion "1"]
[SourceVersionDate "2002.11.25"]
[SourceQuality "1"]
[WhiteTeam "Domazlice"]
[BlackTeam "Line"]
[WhiteTeamCountry "CZE"]
[BlackTeamCountry "CZE"]

1. e4 c5 2. c3 Nf6 3. e5 Nd5 4. d4 cxd4 5. Nf3 Nc6 6. cxd4 d6 7. Nc3 Nb6 8. exd6 Qxd6 9. Be3 g6 10. d5 Ne5 11. Nxe5 Qxe5 12. Bb5+ Nd7 13. 0-0 Bg7 14. Qa4 Qc7 15. d6 exd6 16. Nd5 Qd8 17. Qe4+ Kf8 18. Rfe1 Ne5 19. f4 Bf5 20. Qb4 Nc6 21. Qa3 Nd4 22. Bxd4 Bxd4+ 23. Kh1 Kg7 24. Rad1 a6 25. Bc4 Re8 26. Rxe8 Qxe8 27. Nc7 Qc6 28. Nxa8 Qxc4 29. Qxd6 Bxb2 30. Nc7 Qe2 31. Qd2 Qxd2 32. Rxd2 Bc3 33. Rd1 Bg4 34. Rc1 Bd2 35. Rf1 Ba5 36. Ne8+ Kf8 37. Nf6 Be6 38. Nxh7+ Kg7 39. Ng5 Bc4 40. Rc1 b5 41. Nf3 Bb6 42. Rc2 Be3 43. g3 a5 44. Kg2 a4 45. h3 Bb6 46. g4 Bd5 47. Kg3 b4 48. Rd2 Bc4 49. Ne5 Be6 50. Kf3 a3 51. Nd3 b3 52. axb3 Bd5+ 53. Ke2 Bxb3 54. Nc1 Bc4+ 55. Kd1 Be3 56. Rc2 a2 57. Nxa2 Bb3 58. f5 gxf5 59. gxf5 Kf6 60. Nb4 Kxf5 61. Ke2 Bxc2 62. Nxc2 Ba7 1/2-1/2

[Event "CZE-chTJ 0102"]
[Site "Czech Republic"]
[Date "2001.??.??"]
[Round "3"]
[White "Trmota, Zdenek"]
[Black "Budka, Jan"]
[Result "1-0"]
[WhiteElo "2210"]
[BlackElo "2181"]
[PlyCount "125"]
[EventDate "2001.??.??"]
[EventType "team"]
[EventRounds "11"]
[EventCountry "CZE"]
[SourceTitle "EXT 2003"]
[Source "ChessBase"]
[SourceDate "2002.11.25"]
[SourceVersion "1"]
[SourceVersionDate "2002.11.25"]
[SourceQuality "1"]
[WhiteTeam "Plzen Letna"]
[BlackTeam "Domazlice"]
[WhiteTeamCountry "CZE"]
[BlackTeamCountry "CZE"]

1. d4 Nf6 2. Nf3 e6 3. c4 b6 4. g3 Bb7 5. Bg2 d5 6. Ne5 Nbd7 7. Nc3 Bb4 8. 0-0 0-0 9. cxd5 Nxe5 10. dxe5 Nxd5 11. Qc2 Bxc3 12. bxc3 c5 13. e4 Ne7 14. Qe2 Qc7 15. f4 Nc6 16. Be3 a5 17. Qg4 Rad8 18. Rfd1 Rxd1+ 19. Rxd1 Rd8 20. h4 Rd7 21. Qe2 h6 22. g4 Rxd1+ 23. Qxd1 Qd8 24. Qe1 Ba6 25. g5 hxg5 26. hxg5 Ne7 27. Bh3 Qd3 28. Bf1 Qxf1+ 29. Qxf1 Bxf1 30. Kxf1 Kf8 31. Ke2 Ke8 32. Kd3 Kd7 33. Kc4 Kc6 34. a4 Ng6 35. Bd2 Nh4 36. Be3 Nf3 37. Bc1 Nh2 38. f5 Ng4 39. Bf4 Nf2 40. g6 fxg6 41. f6 gxf6 42. exf6 Kd7 43. e5 Ne4 44. Be3 Ke8 45. Kd3 Ng3 46. Bf4 Nh5 47. Bd2 Ng3 48. Be1 Nf5 49. Kc4 Ne3+ 50. Kb5 Nd5 51. c4 Ne3 52. Bd2 Ng4 53. Bc3 Ne3 54. Kxb6 Nxc4+ 55. Kxc5 Ne3 56. Bxa5 Kd7 57. Bd2 Ng4 58. Bc3 Nh6 59. a5 Kc7 60. a6 Nf7 61. Ba5+ Kb8 62. Kc6 Ka7 63. Bc3 1-0

[Event "CZE-chTJ 9900"]
[Site "Czech Republic"]
[Date "2000.??.??"]
[Round "?"]
[White "Skorpik, Martin"]
[Black "Budka, Jan"]
[Result "1/2-1/2"]
[WhiteElo "2151"]
[BlackElo "2180"]
[PlyCount "22"]
[EventDate "1999.??.??"]
[EventType "team"]
[EventRounds "11"]
[EventCountry "CZE"]
[SourceTitle "EXT 2002"]
[Source "ChessBase"]
[SourceDate "2001.11.25"]
[SourceVersion "1"]
[SourceVersionDate "2001.11.25"]
[SourceQuality "1"]

1. g3 Nf6 2. Bg2 d5 3. c4 c6 4. b3 g6 5. Bb2 Bg7 6. Nf3 0-0 7. 0-0 Re8 8. d4 Nbd7 9. Nc3 Nb6 10. Ne5 dxc4 11. bxc4 Be6 1/2-1/2

[Event "CZE-chTJ 9900"]
[Site "Czech Republic"]
[Date "1999.??.??"]
[Round "?"]
[White "Budka, Jan"]
[Black "Haba, Zdenek"]
[Result "1-0"]
[WhiteElo "2180"]
[BlackElo "2265"]
[PlyCount "89"]
[EventDate "1999.??.??"]
[EventType "team"]
[EventRounds "11"]
[EventCountry "CZE"]
[SourceTitle "EXT 2002"]
[Source "ChessBase"]
[SourceDate "2001.11.25"]
[SourceVersion "1"]
[SourceVersionDate "2001.11.25"]
[SourceQuality "1"]

1. e4 Nc6 2. Nf3 d6 3. d4 Nf6 4. Nc3 g6 5. h3 Bg7 6. Bc4 0-0 7. 0-0 Nxe4 8. Bxf7+ Rxf7 9. Nxe4 h6 10. c3 d5 11. Ng3 Qd6 12. Qe2 Bd7 13. Ne5 Nxe5 14. dxe5 Bxe5 15. Bxh6 Rh7 16. Qe3 Re8 17. Rad1 Bxg3 18. fxg3 e5 19. Qg5 Rxh6 20. Qxh6 Bf5 21. Rxf5 gxf5 22. Qg5+ Kf7 23. Qxf5+ Ke7 24. Qh7+ Kd8 25. Qf7 d4 26. cxd4 exd4 27. Qf4 Qxf4 28. gxf4 c5 29. Kf2 Kd7 30. Re1 Rf8 31. Kf3 b5 32. Re5 Kc6 33. Ke4 Rd8 34. Re6+ Kb7 35. Kd3 c4+ 36. Kd2 d3 37. f5 b4 38. Re1 Kc6 39. f6 Kd5 40. b3 Rf8 41. bxc4+ Kxc4 42. Re4+ Kd5 43. Rf4 Ke5 44. g3 a5 45. Kxd3 1-0

[Event "CZE-chT2 9798"]
[Site "Czech Republic"]
[Date "1998.??.??"]
[Round "8.6"]
[White "Budka, Jan"]
[Black "Boukal, Petr"]
[Result "1-0"]
[WhiteElo "2130"]
[BlackElo "2265"]
[PlyCount "97"]
[EventDate "1997.??.??"]
[EventType "team"]
[EventRounds "11"]
[EventCountry "CZE"]
[SourceTitle "EXT 1999"]
[Source "ChessBase"]
[SourceDate "1998.11.16"]
[SourceVersion "1"]
[SourceVersionDate "1998.11.16"]
[SourceQuality "1"]

1. e4 e6 2. d4 d5 3. Nd2 Nf6 4. e5 Nfd7 5. Bd3 c5 6. c3 Nc6 7. Ne2 Qb6 8. Nf3 cxd4 9. cxd4 f6 10. exf6 Nxf6 11. 0-0 Bd6 12. Nf4 0-0 13. Re1 Bd7 14. Nxe6 Rfe8 15. Bf5 Re7 16. Bg5 Rae8 17. Nxg7 Bxh2+ 18. Kh1 Rxe1+ 19. Nxe1 Bxf5 20. Nxe8 Ne4 21. Nf6+ Nxf6 22. Bxf6 Kf7 23. Kxh2 Kxf6 24. Qd2 Qxd4 25. Qxd4+ Nxd4 26. Rd1 Ke5 27. Nd3+ Kd6 28. Kg3 Be4 29. f3 Bg6 30. Nf4 Nf5+ 31. Kf2 Bf7 32. g4 Ne7 33. Ke3 Nc6 34. Rh1 Bg8 35. Ne2 Kc5 36. Rc1+ Kd6 37. Nd4 Ne5 38. b3 a6 39. Nf5+ Kd7 40. Rg1 Be6 41. Nd4 Bf7 42. f4 Ng6 43. Rh1 Bg8 44. Nf3 Kd6 45. f5 Nf8 46. Kd4 Ke7 47. Rh6 Nd7 48. g5 Nb8 49. Ne5 1-0

[Event "CZE-chT2 9798"]
[Site "Czech Republic"]
[Date "1998.??.??"]
[Round "11.7"]
[White "Novotny, Jiri"]
[Black "Budka, Jan"]
[Result "1/2-1/2"]
[WhiteElo "2290"]
[BlackElo "2130"]
[PlyCount "142"]
[EventDate "1997.??.??"]
[EventType "team"]
[EventRounds "11"]
[EventCountry "CZE"]
[SourceTitle "EXT 1999"]
[Source "ChessBase"]
[SourceDate "1998.11.16"]
[SourceVersion "1"]
[SourceVersionDate "1998.11.16"]
[SourceQuality "1"]

1. d4 Nf6 2. Nf3 e6 3. Bg5 Be7 4. Nbd2 c5 5. e3 b6 6. c3 Bb7 7. dxc5 Bxc5 8. b4 Be7 9. Nc4 d5 10. Nce5 0-0 11. Bd3 Nbd7 12. Nxd7 Nxd7 13. Bxe7 Qxe7 14. Bb5 Nf6 15. Qd4 Ne4 16. 0-0 Rac8 17. Rac1 Rc7 18. a3 Rfc8 19. c4 a6 20. Ba4 b5 21. Bb3 dxc4 22. Bc2 Rd8 23. Qe5 Nf6 24. e4 Rcd7 25. Rfe1 Ne8 26. Qh5 g6 27. Qh6 e5 28. h4 f6 29. Qe3 Ng7 30. Nh2 Ne6 31. g3 Nd4 32. Bd1 Bc8 33. h5 g5 34. Nf1 Rd6 35. Qc3 Be6 36. Ne3 Qd7 37. Qb2 Qc6 38. Qb1 Qb6 39. Kg2 Nc6 40. Bg4 Bxg4 41. Nxg4 Kg7 42. Rc3 Rd3 43. Re3 Rd1 44. Rc1 Qd4 45. Rf3 Rxc1 46. Qxc1 Rd6 47. Nxf6 Qd2 48. Ne8+ Kg8 49. Qh1 Nd4 50. Re3 Re6 51. Nc7 Rf6 52. Qe1 Qxe1 53. Rxe1 Rc6 54. Nd5 Kf7 55. Rc1 a5 56. Kh3 axb4 57. axb4 Ra6 58. Kg4 h6 59. Rf1 Ne2 60. Re1 Ra2 61. Kf3 Nd4+ 62. Kg4 Rxf2 63. Ra1 Re2 64. Ra7+ Ke8 65. Nf6+ Kd8 66. Rd7+ Kc8 67. Rd5 Nb3 68. Rxe5 c3 69. Re8+ Kb7 70. Re7+ Kc6 71. Re6+ Kb7 1/2-1/2